000 00481nam a2200181Ia 4500
003 GCL
008 140319s9999 xx 000 0 ara d
040 _aGCL /
_cGCL
082 0 4 _aد
_b050
245 1 0 _aالحضارة (عالم المعرفة 237)
300 _a394 ص
490 _aعالم المعرفة
_v0
650 0 4 _aالحضارة
650 0 4 _aالثقافة
650 0 4 _aالعلم والحضارة
650 0 4 _aالتقدم الاجتماعى
942 _2ddc
_cBK
999 _c50264
_d50264